[Event "Mittelrhein Verbandsliga-O 1112"]
[Site "Germany"]
[Date "2011.12.11"]
[Round "4"]
[White "Fuchs, Andreas"]
[Black "Villalba Weinberg, Adrian"]
[Result "0-1"]
[WhiteElo "2020"]
[BlackElo "1913"]
[PlyCount "74"]
[EventDate "2011.09.18"]
[EventType "team-tourn"]
[EventRounds "11"]
[EventCountry "GER"]
[SourceTitle "EXT 2013"]
[Source "ChessBase"]
[SourceDate "2012.11.22"]
[SourceVersion "1"]
[SourceVersionDate "2012.11.22"]
[SourceQuality "1"]
[WhiteTeam "Lohmar"]
[BlackTeam "Siebengebirge"]
[WhiteTeamCountry "GER"]
[BlackTeamCountry "GER"]

1. d4 Nf6 2. Nf3 c5 3. d5 b5 4. Bg5 Bb7 5. Bxf6 exf6 6. e4 a6 7. a4 Qb6 8. Na3 c4 9. c3 Bc5 10. Nd4 Bxd4 11. Qxd4 Qxd4 12. cxd4 f5 13. f3 fxe4 14. fxe4 0-0 15. 0-0-0 f5 16. axb5 axb5 17. Nxb5 fxe4 18. Bxc4 Rf2 19. Kb1 Ra4 20. Rc1 Rb4 21. b3 Ba6 22. d6+ Kf8 23. Rc2 Rf6 24. Na3 Bxc4 25. Nxc4 Nc6 26. Ne5 Rxd6 27. Rf1+ Ke8 28. Nxc6 dxc6 29. Kb2 Rbxd4 30. Ra1 Ke7 31. Ra7+ Rd7 32. Ra6 R7d6 33. Ra7+ Kf6 34. Rf2+ Kg6 35. Rff7 Re6 36. Rxg7+ Kf5 37. Rxh7 Ke5 0-1

[Event "Bad Godesberg op 15th"]
[Site "Bad Godesberg"]
[Date "2011.07.29"]
[Round "7"]
[White "Rozsa, Sandor"]
[Black "Villalba Weinberg, Adrian"]
[Result "0-1"]
[WhiteElo "1671"]
[BlackElo "1913"]
[PlyCount "36"]
[EventDate "2011.07.23"]
[EventType "swiss"]
[EventRounds "9"]
[EventCountry "GER"]
[SourceTitle "EXT 2017"]
[Source "ChessBase"]
[SourceDate "2016.10.25"]
[SourceVersion "1"]
[SourceVersionDate "2016.10.25"]
[SourceQuality "1"]

1. e4 e5 2. Nf3 Nc6 3. Bc4 Nf6 4. 0-0 Nxe4 5. Re1 Be7 6. Bxf7+ Kxf7 7. Rxe4 Bf6 8. c3 d5 9. Re1 e4 10. Nd4 Ne5 11. Na3 c5 12. Nb3 Bg4 13. f3 exf3 14. Rxe5 Bxe5 15. gxf3 Bxh2+ 16. Kxh2 Qh4+ 17. Kg2 Qh3+ 18. Kf2 Qh2+ 0-1

[Event "Bad Godesberg op 15th"]
[Site "Bad Godesberg"]
[Date "2011.07.28"]
[Round "6"]
[White "Villalba Weinberg, Adrian"]
[Black "Martin, Heiko"]
[Result "0-1"]
[WhiteElo "1913"]
[BlackElo "1664"]
[PlyCount "102"]
[EventDate "2011.07.23"]
[EventType "swiss"]
[EventRounds "9"]
[EventCountry "GER"]
[SourceTitle "EXT 2017"]
[Source "ChessBase"]
[SourceDate "2016.10.25"]
[SourceVersion "1"]
[SourceVersionDate "2016.10.25"]
[SourceQuality "1"]

1. e4 c5 2. Nf3 Nc6 3. d4 cxd4 4. Nxd4 g6 5. c4 Bg7 6. Be3 Nf6 7. Nc3 d6 8. Be2 Qa5 9. 0-0 0-0 10. Qd2 Bd7 11. Nc2 Rfd8 12. Rab1 Ne5 13. f3 Qc7 14. b3 Rac8 15. Rbc1 b6 16. a4 Qb7 17. Nb4 Nc6 18. Nbd5 Nxd5 19. Nxd5 Be6 20. f4 f5 21. Bf3 Bf7 22. exf5 gxf5 23. Nb4 d5 24. cxd5 Nxb4 25. Rxc8 Qxc8 26. Qxb4 Qc2 27. Qc4 Qxc4 28. bxc4 e6 29. Rd1 exd5 30. Bxd5 Kf8 31. Kf2 Bxd5 32. cxd5 Ke7 33. Kf3 Kd6 34. Bc1 Rc8 35. Ba3+ Kd7 36. Rd3 Rc4 37. a5 bxa5 38. Re3 Rc3 39. Rxc3 Bxc3 40. h3 Bb4 41. Bb2 Kd6 42. g4 fxg4+ 43. hxg4 Kxd5 44. f5 a4 45. g5 a3 46. Ba1 Bd2 47. Kg4 Bc1 48. g6 hxg6 49. fxg6 Ke6 50. Kh5 Bb2 51. g7 Kf7 0-1

[Event "Karl Mala Memorial op 14th"]
[Site "Frankfurt"]
[Date "2011.07.07"]
[Round "1"]
[White "Budde, Michael"]
[Black "Villalba Weinberg, Adrian"]
[Result "1/2-1/2"]
[WhiteElo "1746"]
[BlackElo "2031"]
[PlyCount "82"]
[EventDate "2011.07.07"]
[EventType "swiss"]
[EventRounds "7"]
[EventCountry "GER"]
[SourceTitle "EXT 2012"]
[Source "ChessBase"]
[SourceDate "2011.11.24"]
[SourceVersion "1"]
[SourceVersionDate "2011.11.24"]
[SourceQuality "1"]

1. e4 e5 2. d4 exd4 3. Bc4 Nc6 4. Nf3 Nf6 5. e5 d5 6. Bb5 Ne4 7. 0-0 Bc5 8. Nxd4 Bd7 9. Nb3 Bxf2+ 10. Rxf2 Nxf2 11. Kxf2 Nxe5 12. Bxd7+ Qxd7 13. Nc3 0-0-0 14. Kg1 Rhe8 15. Bg5 f6 16. Bf4 Ng6 17. Bg3 d4 18. Ne2 b6 19. Qd3 c5 20. a4 Re3 21. Qa6+ Qb7 22. Qc4 Rde8 23. Nexd4 Ne5 24. Bxe5 R3xe5 25. Nb5 Rd8 26. a5 a6 27. Nc3 b5 28. Qg4+ Kb8 29. Rd1 Rxd1+ 30. Qxd1 Qe7 31. Qf3 b4 32. Na4 Re1+ 33. Kf2 Rh1 34. Qf4+ Ka7 35. Kg3 g5 36. Qf2 Qe5+ 37. Kf3 Qf4+ 38. Ke2 Qe4+ 39. Kd2 Qd5+ 40. Ke3 Rd1 41. Naxc5 Qe5+ 1/2-1/2

[Event "Dortmund Sparkassen op-B"]
[Site "Dortmund"]
[Date "2008.07.04"]
[Round "7"]
[White "Villalba Weinberg, Adrian"]
[Black "Barskij, Alexander"]
[Result "0-1"]
[WhiteElo "1852"]
[BlackElo "1887"]
[PlyCount "40"]
[EventDate "2008.06.30"]
[EventType "swiss"]
[EventRounds "9"]
[EventCountry "GER"]
[SourceTitle "EXT 2022"]
[Source "ChessBase"]
[SourceDate "2021.10.06"]
[SourceVersion "1"]
[SourceVersionDate "2021.10.06"]
[SourceQuality "1"]

1. e4 c5 2. Nf3 d6 3. d4 cxd4 4. Nxd4 Nf6 5. Nc3 Nc6 6. Bg5 e6 7. Qd2 a6 8. 0-0-0 Bd7 9. f4 b5 10. e5 dxe5 11. Nxc6 Bxc6 12. Qxd8+ Rxd8 13. Rxd8+ Kxd8 14. fxe5 h6 15. Bh4 g5 16. exf6 gxh4 17. Bd3 Rg8 18. Rd1 Kc7 19. Rd2 Bd6 20. Bh7 Rh8 0-1

[Event "Dortmund Sparkassen op-B"]
[Site "Dortmund"]
[Date "2008.07.03"]
[Round "5"]
[White "Villalba Weinberg, Adrian"]
[Black "Whitmire, James David"]
[Result "1-0"]
[WhiteElo "1852"]
[BlackElo "1744"]
[PlyCount "156"]
[EventDate "2008.06.30"]
[EventType "swiss"]
[EventRounds "9"]
[EventCountry "GER"]
[SourceTitle "EXT 2022"]
[Source "ChessBase"]
[SourceDate "2021.10.06"]
[SourceVersion "1"]
[SourceVersionDate "2021.10.06"]
[SourceQuality "1"]

1. e4 d6 2. d4 Nf6 3. Nc3 g6 4. f3 Bg7 5. Be3 0-0 6. Qd2 c6 7. h4 b5 8. Bh6 Bb7 9. h5 e5 10. Bxg7 Kxg7 11. 0-0-0 Nbd7 12. hxg6 fxg6 13. Qh6+ Kg8 14. dxe5 Nxe5 15. Nh3 Nf7 16. Qh4 Nh5 17. Qf2 Qb6 18. Qe1 Rae8 19. g4 Nf6 20. Qd2 d5 21. g5 Nh5 22. Nf4 Ng3 23. Rh2 Nxg5 24. Nfxd5 cxd5 25. Qxg5 Rxf3 26. Nxd5 Bxd5 27. Qxd5+ Qe6 28. Bxb5 Qxd5 29. exd5 Rd8 30. d6 Ne4 31. Bc6 Rf4 32. d7 Nc5 33. Re2 Rff8 34. Re5 Na6 35. Re7 Nc7 36. Ba4 Rf6 37. Rde1 h5 38. Re8+ Nxe8 39. dxe8Q+ Rxe8 40. Bxe8 h4 41. Bd7 g5 42. Rg1 Rg6 43. c4 Rg7 44. Bg4 Kh7 45. Kd2 Re7 46. Re1 Rf7 47. Kd3 Rf4 48. Re4 Rf2 49. b4 Rxa2 50. Kd4 a5 51. bxa5 Rxa5 52. Re5 Ra2 53. Rxg5 Kh6 54. Re5 Rd2+ 55. Ke3 Rg2 56. Kf4 Rc2 57. c5 Rc3 58. Re6+ Kg7 59. c6 h3 60. Bf3 Rc4+ 61. Kg3 Rc3 62. Re2 Kf6 63. Rh2 Ke5 64. Rxh3 Kd6 65. Rh6+ Kc7 66. Kf4 Kb8 67. Rh7 Rc5 68. Be4 Kc8 69. Ke3 Rc4 70. Bd5 Rc1 71. Kd4 Rd1+ 72. Ke5 Rc1 73. Kd6 Kb8 74. c7+ Rxc7 75. Rh1 Rg7 76. Rh6 Rg8 77. Kc5 Ka7 78. Rh7+ Kb8 1-0